| 000 | 01004nam a22003377a 4500 | ||
|---|---|---|---|
| 003 | CHAP | ||
| 005 | 20220817044116.0 | ||
| 008 | 060613s2005 it rn 00010 fre d | ||
| 010 | _a92393 | ||
| 011 | _a93365 | ||
| 020 | _a9252053433 | ||
| 035 | _a103937 | ||
| 040 | _cCHAP | ||
| 082 | 0 | 4 |
_a333 _bF42f v.8 |
| 110 | 2 | _aFAO | |
| 245 | 1 | 0 |
_aAccés á l'espace rural et administration fonciére aprés des conflits violents _c/par FAO |
| 260 |
_aRome : _bFAO, _c2005 |
||
| 300 | _a83 p. | ||
| 410 | 2 | 1 | _aFAO |
| 490 | 0 |
_aFAO. Estudios sobre tenencia de la tierra _v; 8 |
|
| 590 |
_aBATCH-UPD _b10 _c20130110 _lUCH01 _h1431 |
||
| 590 |
_aCONVERSION _b10 _c20130109 _lUCH01 _h1351 |
||
| 650 | 1 | 4 |
_aTierras _xAprovechamiento. _9113069 |
| 650 | 1 | 4 |
_aTierras _xArrendamiento. _9113092 |
| 810 | 0 | _aFAO | |
| 830 | 0 | 0 |
_aFAO. Estudios sobre tenencia de la tierra _v; 8 _939557 |
| 901 | _aBK | ||
| 905 | _aLilia | ||
| 942 | _cLIBRO | ||
| 949 |
_a333 F42f v.8 _bBC _cFAO _d33724000990487 _eFAO1 _h108066 _i103937 _sb |
||
| 999 |
_c92393 _d92393 |
||